000 00879cam a2200241 4500
001 ABS64986
008 020130n2001 000 0 eng u
035 _a(Sirsi) u116532
245 _aPrecast concrete in construction
260 _c2001
490 _aConstruction News
_v December 2001, LOAN
520 _aA supplement from Construction News in conjunction with British Precast Concrete Federation Ltd devoted to the use of precast concrete in construction. Includes sustainable development, environmental improvements, paving, manhole access covers and safety.
590 _aABS
650 _aPRECAST CONCRETE
650 _aBUILT ENVIRONMENT
650 _aPAVING
650 _aSUSTAINABLE DEVELOPMENT
650 _aEnvironment
_96238
650 _aHEALTH AND SAFETY
_96244
650 _aMANHOLES
690 _aBUILT ENVIRONMENT-BUILDING MATERIALS
942 _n0
999 _c69388
_d69388